Axamar bibhinna janagosthir lok-utsava (Record no. 8402)

MARC details
000 -LEADER
fixed length control field 00554cam a2200217ua 4500
001 - CONTROL NUMBER
control field 9350
005 - DATE AND TIME OF LATEST TRANSACTION
control field 20260515114445.0
008 - FIXED-LENGTH DATA ELEMENTS--GENERAL INFORMATION
fixed length control field 150804n ii |||gr||||Z||||||asm
020 ## - INTERNATIONAL STANDARD BOOK NUMBER
International Standard Book Number 8173394059
040 ## - CATALOGING SOURCE
Transcribing agency MAIN
041 ## - LANGUAGE CODE
Language code of text/sound track or separate title asm
082 ## - DEWEY DECIMAL CLASSIFICATION NUMBER
Classification number 394.26954162
245 13 - TITLE STATEMENT
Title Axamar bibhinna janagosthir lok-utsava
Statement of responsibility, etc. by Dhruba Kumar Talukdar
250 ## - EDITION STATEMENT
Edition statement 1st ed.
260 ## - PUBLICATION, DISTRIBUTION, ETC.
Place of publication, distribution, etc. Guwahati:
Name of publisher, distributor, etc. Banalata,
Date of publication, distribution, etc. 2004.
300 ## - PHYSICAL DESCRIPTION
Extent 118p.
653 ## - INDEX TERM--UNCONTROLLED
Uncontrolled term General customs
653 ## - INDEX TERM--UNCONTROLLED
Uncontrolled term Festivals of tribes
700 ## - ADDED ENTRY--PERSONAL NAME
Personal name Talukdar, Dhruba Kumar,
Relator term Author.
942 ## - ADDED ENTRY ELEMENTS (KOHA)
Koha item type Books
Holdings
Withdrawn status Lost status Damaged status Not for loan Home library Current library Shelving location Date acquired Total checkouts Full call number Barcode Date last seen Date last checked out Copy number Price effective from Koha item type
        Naharkatiya College Library Naharkatiya College Library General stacks 09/19/2020 2 394.26954162 | TAL 16163 04/26/2025 03/17/2025 1 09/19/2020 Books